Find Countries from Periodic Symbol 1 - Statistics

General Stats
  • This quiz has been taken 83 times
  • The average score is 30 of 39
Answer Stats
Hint Answer % Correct
BROMINE - Symbol is? Br
100%
NICKEL - Symbol is? Ni
99%
GOLD - Symbol is ? Au
96%
BARIUM - Symbol is? Ba
96%
NOBELIUM - Symbol is ? No
96%
GERMANIUM - Symbol is? Ge
94%
NEON - Symbol is Ne
94%
Country 1 Australia
93%
LANTHANUM - Symbol is ? La
93%
MOLYBDENUM - Symbol is ? Mo
93%
YTTRIUM - Symbol is? Y
93%
Country 2 Austria
91%
CHROMIUM - Symbol is? Cr
91%
Country 2 Niger
91%
Country 3 Nigeria
91%
Country 1 Brazil
90%
Country 2 Germany
87%
Country 1 Croatia
84%
Country 1 Yemen
84%
Country 2 Norway
75%
Country 1 Latvia
72%
Country 1 Nicaragua
72%
Country 1 Moldova
71%
Country 3 Bangladesh
70%
Country 4 Montenegro
70%
Country 1 Bahamas
67%
Country 4 Barbados
67%
Country 6 Mozambique
65%
Country 2 Bahrain
62%
Country 2 Nepal
62%
Country 2 Brunei
59%
Country 3 Mongolia
59%
Country 1 Netherlands
58%
Country 1 North Korea
58%
Country 2 Laos
57%
Country 5 Morocco
57%
Country 2 Monaco
54%
Country 3 New Zealand
51%
Country 1 Georgia
39%
No matching quizzes found
Score Distribution
Percent of People with Each Score
Percentile by Number Answered
Your Score History
You have not taken this quiz